书目信息

书名: 普通物理实验一 力学 热学部分
作者: 杨述武
出版信息: 北京   高等教育出版社  1982.11
开本页数: 19cm  270页
丛书名:
单 册:
中图分类: O4
科图分类:
主题词: 力学--实验 , 普通物理学--实验 , 热学--实验
电子资源:
ISBN:
000 00734nam0 2200277 45
001 0000115725
005 20060308155101.92
010    @dCNY1.00
091    @aCN@b13010.0787
100    @a19950630d1982 em y0chiy0121 ea
101 @achi
102    @aCN@b110000
105    @ay z 000yy
200 10 @a普通物理实验@Apu tong wu li shi yan@h一@i力学 热学部分@f杨述武编
210    @a北京@c高等教育出版社@d1982.11
215    @a270页@d19cm
517 @a热学@Are xue
517 @a力学@Ali xue
606    @a力学@x实验
606    @a普通物理学@x实验
606    @a热学@x实验
690    @aO4@v3
701  0 @a杨述武@Ayang shu wu@4编
801  2 @aCN@bNLC@c20060308
801  0 @aCN@b上海图书馆@c20051201
905    @a10447@dO4@e338:1
    
    普通物理实验.一.力学 热学部分/杨述武编.-北京:高等教育出版社,1982.11
    270页;19cm
    
    
    ISBN :CNY1.00
    
相关链接 在五车中查询图书 在当当中查询图书 在豆瓣中查询图书


正题名:普通物理实验     索取号:O4/338:1         预约/预借

序号 登录号 条形码 馆藏地/架位号 状态 备注
1 118212   201182120   海科密-1楼/48架4列3层/ [索取号:O4/338:1] 在馆    
2 118213   201182139   海科密-1楼/48架4列6层/ [索取号:O4/338:1] 在馆